000 00941nam a2200337 a 4500
003 AR-BaBNM
005 20251128203410.0
008 082120s2002 ||||||||||||||000 | spa||
040 _cAR-BaBNM
100 1 _aMendizabal, C.
245 0 0 _aCurso de derecho romano
_bresponde íntegramente al programa vigente en las facultades de derecho de Buenos Aires y Tucumán
250 _a3ª ed. aum. y corr.
260 _aBuenos Aires
_bLacort
_c1947
300 _a374 p.
504 _aIndice y bibliografía al final de la obra
650 4 _aDERECHO
650 4 _aHISTORIA DEL DERECHO
650 4 _aFUENTES DEL DERECHO
650 4 _aDERECHO ROMANO
650 4 _aMONARQUIA
650 4 _aPERSONAS JURIDICAS
650 4 _aJURISPRUDENCIA
650 4 _aLIBERTAD
650 4 _aFAMILIA
650 4 _aMATRIMONIO
650 4 _aADOPCION
650 4 _aPROCEDIMIENTO CIVIL
650 4 _aLEGISLACION
942 _cBK
998 _cAndrea
999 _c3203
_d3203